000 00476nam a2200181Ia 4500
008 240925s9999 xx 000 0 und d
020 _a471124729
082 _a621.3822 CAV
100 _aCavicchi ,Thomas J.
245 0 _aDigital Signal Processing
250 _aNA
260 _aNew York:
_bJohn Wiley & Sons
_c,2000.
300 _axv,649p.
_bNA
_fOriginal
500 _aIncludes Index
600 _aTelecommunication Engineering
650 _aTechnology
942 _cBK
999 _c7006
_d7006